000 00263nam a22001097a 4500
999 _c260796
_d260795
020 _a0590262769
100 _aMargaret Wetterer
245 _aKate Shelley and the Midnight Express
260 _aNew York
_bScholastic Inc.
_c1990
300 _a48 pgs.
942 _cBK